El centenario de Marcellin Berthelot / (Record no. 110209)

MARC details
000 -LEADER
campo de control de longitud fija 00624nam a2200193 i 4500
001 - NÚMERO DE CONTROL
campo de control 110209
003 - IDENTIFICADOR DE NÚMERO DE CONTROL
campo de control ES-MaACL
005 - FECHA Y HORA DE LA ÚLTIMA TRANSACCIÓN
campo de control 20250811145340.0
007 - CAMPO FIJO DE DESCRIPCIÓN FÍSICA--INFORMACIÓN GENERAL
campo de control de longitud fija t|
008 - DATOS DE LONGITUD FIJA--INFORMACIÓN GENERAL
campo de control de longitud fija 061121s1927 sp r ||||1| spa d
100 1# - ENTRADA PRINCIPAL--NOMBRE DE PERSONA
Nombre de persona Moles, Enrique (
Fechas asociadas al nombre 1883-1953)
9 (RLIN) 81864
245 13 - MENCIÓN DEL TÍTULO
Título El centenario de Marcellin Berthelot /
Mención de responsabilidad, etc. E. Moles.
260 ## - PUBLICACIÓN, DISTRIBUCIÓN, ETC.
Lugar de publicación, distribución, etc. Madrid :
Nombre del editor, distribuidor, etc. [s. n.],
Fecha de publicación, distribución, etc. 1927.
300 ## - DESCRIPCIÓN FÍSICA
Extensión 3 h. ;
Dimensiones 21 cm.
595 ## -
-- Tirada aparte de: Anales de la Sociedad Española de Física y Química, t. 25, p. 447-452.
600 17 - PUNTO DE ACCESO ADICIONAL DE MATERIA--NOMBRE DE PERSONA
Nombre de persona Berthelot, Marcellin,
Fechas asociadas al nombre 1827-1907
Fuente del encabezamiento o término
9 (RLIN) 125961
852 ## - LOCALIZACIÓN
Ubicación ES-MaACL
Número de control de estantería 1715-F-21
Holdings
Estatus retirado Estado de pérdida Estado de daño No para préstamo Colección Biblioteca de origen Biblioteca actual Ubicación en estantería Fecha de adquisición Fuente de adquisición Total de préstamos Signatura topográfica completa Código de barras Visto por última vez Precio de reemplazo Tipo de ítem Koha
        Colección de folletos Biblioteca del Ateneo de Madrid Biblioteca del Ateneo de Madrid Depósito folletos 17/01/2008     1715-F-21 1114980 23/02/2023 23/02/2023 Folleto